South Eastern Kenya University

Library Online Public Access Catalogue


Understanding negligence and strict liability (Record no. 18361)

MARC details
000 -LEADER
fixed length control field 00470nam a22001697a 4500
003 - CONTROL NUMBER IDENTIFIER
control field OSt
005 - DATE AND TIME OF LATEST TRANSACTION
control field 20231014085733.0
008 - FIXED-LENGTH DATA ELEMENTS--GENERAL INFORMATION
fixed length control field 231014b |||||||| |||| 00| 0 eng d
020 ## - INTERNATIONAL STANDARD BOOK NUMBER
International Standard Book Number 9789966530202
040 ## - CATALOGING SOURCE
Original cataloging agency SEKU
050 ## - LIBRARY OF CONGRESS CALL NUMBER
Classification number K 923
Item number .K59
245 ## - TITLE STATEMENT
Title Understanding negligence and strict liability
Statement of responsibility, etc. Yusufu Kiwanda, Ivan Mutyaba
260 ## - PUBLICATION, DISTRIBUTION, ETC. (IMPRINT)
Place of publication, distribution, etc. Nairobi: Kenya
Name of publisher, distributor, etc. lawAfrica,
Date of publication, distribution, etc. 2019.
300 ## - PHYSICAL DESCRIPTION
Extent 274p.:
650 ## - SUBJECT ADDED ENTRY--TOPICAL TERM
Topical term or geographic name as entry element Negligence
General subdivision Strict liability
942 ## - ADDED ENTRY ELEMENTS (KOHA)
Source of classification or shelving scheme Library of Congress Classification
Koha item type General circulation
Holdings
Withdrawn status Lost status Source of classification or shelving scheme Damaged status Not for loan Home library Current library Shelving location Date acquired Source of acquisition Total Checkouts Full call number Barcode Checked out Date last seen Date last checked out Price effective from Koha item type
    Library of Congress Classification     School of Law Library School of Law Library General Stacks 14/10/2023 Purchase 1 K 923 .K59 2023/026140 23/04/2026 09/04/2026 09/04/2026 14/10/2023 General circulation
    Library of Congress Classification     School of Law Library School of Law Library General Stacks 14/10/2023     K 923 .K59 2023/026139   14/10/2023   14/10/2023 General circulation
    Library of Congress Classification     School of Law Library School of Law Library General Stacks 14/10/2023   1 K 923 .K59 2023/026138   27/03/2025 18/03/2025 14/10/2023 General circulation
    Library of Congress Classification     School of Law Library School of Law Library General Stacks 14/10/2023 Purchase   K 923 .K59 2023/026136   14/10/2023   14/10/2023 General circulation
    Library of Congress Classification     School of Law Library School of Law Library General Stacks 14/10/2023 Purchase 1 K 923 .K59 2023/026135 22/04/2026 08/04/2026 08/04/2026 14/10/2023 General circulation
    Library of Congress Classification     School of Law Library School of Law Library   24/10/2023 Purchase 1 K 923 .K59 2023/026137   27/03/2025 17/10/2024 24/10/2023 General circulation
Kitui, Kenya.
+254736116989
library@seku.ac.ke